Statistics for Golfers: guess the country

Click here to take the quiz!

General Stats

  • This quiz has been taken 16 times
  • The average score is 12 of 20

Answer Stats

GolferCountry% Correct
Shane LowryIreland
87%
Tommy NakajimaJapan
87%
José María CañizaresSpain
87%
Ángel CabreraArgentina
80%
Yang Yong-eunSouth Korea
80%
Rocco MediateUSA
80%
Jesper ParnevikSweden
73%
Jazz JanewattananondThailand
73%
Nicolas ColsaertsBelgium
67%
Trevor ImmelmanSouth Africa
67%
Ian WoosnamWales
67%
Darren ClarkeNorthern Ireland
53%
Old Tom MorrisScotland
53%
Nick PriceZimbabwe
53%
Constantino RoccaItaly
47%
Peter ThomsonAustralia
40%
Arnaud MassyFrance
40%
Harry VardonJersey
33%
J.H. TaylorEngland
27%
Bob CharlesNew Zealand
27%

Score Distribution

Percentile by Number Answered

Percent of People with Each Score

Your Score History

You have not taken this quiz